logo

Bir Sreshtho Munshi Abdur Rouf Library
Jhenaidah Cadet College

Industrial Architecture for Devoloping Countries / (Record no. 5335)

MARC details
000 -LEADER
fixed length control field 00691nam a2200229 a 4500
001 - CONTROL NUMBER
JCCL Control Number 5335
003 - CONTROL NUMBER IDENTIFIER
JCCL marc code BD-JhCC
005 - DATE AND TIME OF LATEST TRANSACTION
control field 20171213085819.0
008 - FIXED-LENGTH DATA ELEMENTS--GENERAL INFORMATION
fixed length control field 171212s1992 ii a|||| || | 001 0 eng d
035 ## - SYSTEM CONTROL NUMBER
system control number (BD-JhCC)5335
040 ## - CATALOGING SOURCE
Original cataloging agency BD-JhCC
Modifying agency BD-JhCC
041 ## - LANGUAGE CODE
Language code of Book eng
082 ## - DEWEY DECIMAL CLASSIFICATION NUMBER
Classification number 725.4091724
Author mark and Year AHM 1992
100 ## - MAIN ENTRY--PERSONAL NAME
Personal name Ahmed, Dr Nizamuddin
245 ## - TITLE STATEMENT
Title Industrial Architecture for Devoloping Countries /
Statement of responsibility, etc Dr Nizamuddin Ahmed,
260 ## - PUBLICATION, DISTRIBUTION, ETC. (IMPRINT)
Place of publication, distribution, etc Delhi :
Name of publisher, distributor, etc Vikas Publishing House Pvt Ltd,
Date of publication, distribution, etc 1992.
300 ## - PHYSICAL DESCRIPTION
Pagination 580 p. :
Other physical details ill. ;
Dimensions 21 cm.
504 ## - BIBLIOGRAPHY, ETC. NOTE
Bibliography, etc Includes Index and bibliography
650 ## - SUBJECT ADDED ENTRY--TOPICAL TERM
Topical term or geographic name as entry element Developing Countries
Form subdivision Industrial buildings
Geographic subdivision Bangladesh
942 ## - ADDED ENTRY ELEMENTS (KOHA)
Source of classification or shelving scheme Dewey Decimal Classification
Koha item type Books
Holdings
Source of classification or shelving scheme Damaged status Not for loan Home library Current library Shelving location Date of accession Total Checkouts Full call number Barcode Date last seen Copy number Koha item type
Dewey Decimal Classification     JCC Rouf Library JCC Rouf Library General Stacks 12/12/2017   725.4091724 AHM 1992 7353 12/12/2017 C-1 Books

JCC Library | Contacts | JCC Home

Last Update on 23 September 2017
Copyright @ 2017-2020 JCC Rouf Library
Rouf Library, Jhenidah Cadet College (JCC), Bangladesh